000 00408nam a2200145Ia 4500
008 230917s9999||||xx |||||||||||||| ||und||
040 _e109934
_aMAIN
041 _aEnglish
082 _a954.5 M294G
100 _aMalhotra, Anshu
245 0 _aGender, caste and religious , identities: restructuring class in colonial Punjab
260 _aOxford
_bUniversity
_c2002
300 _axi, 231p p.
942 _cBK
999 _c140989
_d140989